Catálogo de la Biblioteca Horacio González - Universidad Nacional de General Sarmiento

Funciones elementales (Registro nro. 47656)

Detalles MARC
000 -CABECERA
campo de control de longitud fija 01326nac a22003370a 4500
001 - NÚMERO DE CONTROL
campo de control PT4256
003 - IDENTIFICADOR DEL NÚMERO DE CONTROL
campo de control AR-LpoUNG
005 - FECHA Y HORA DE LA ÚLTIMA TRANSACCIÓN
campo de control 20260115121219.0
008 - DATOS DE LONGITUD FIJA--INFORMACIÓN GENERAL
campo de control de longitud fija 201001s2000||||ag |||||||||||||||||spa d
040 ## - FUENTE DE LA CATALOGACIÓN
Centro catalogador/agencia de origen AR-LpoUNG
Lengua de catalogación spa
Normas de descripción aacr
041 ## - CÓDIGO DE LENGUA
Código de lengua del texto/banda sonora o título independiente spa
044 ## - CÓDIGO DEL PAÍS DE LA ENTIDAD EDITORA/PRODUCTORA
Código MARC del país ag
082 0# - NÚMERO DE LA CLASIFICACIÓN DECIMAL DEWEY
Número de clasificación 510 197v3
100 1# - ENTRADA PRINCIPAL--NOMBRE DE PERSONA
Nombre de persona Falsetti, Marcela
245 10 - MENCIÓN DE TÍTULO
Título Funciones elementales
250 ## - MENCIÓN DE EDICIÓN
Mención de edición 1ra. ed.
260 ## - PUBLICACIÓN, DISTRIBUCIÓN, ETC.
Lugar de publicación, distribución, etc. Buenos Aires :
Nombre del editor, distribuidor, etc. Universidad Nacional de General Sarmiento,
Fecha de publicación, distribución, etc. 2000.
300 ## - DESCRIPCIÓN FÍSICA
Extensión 67 p. :
Otras características físicas gráfs.
490 0# - MENCIÓN DE SERIE
Mención de serie Guía de matemática para el curso de aprestamiento universitario
520 ## - SUMARIO, ETC.
Sumario, etc. Segundo módulo dela guía de aprestamiento universitario. Cuenta con una serie de problemas que sirven para contextualizar los conocimientos relativos a funciones numéricas elementales. También cuenta con una serie de ejercicios descontextualizados en donde se trata de focalizar el estudio de los temas matemáticos para iniciar a los estudiantes en una practica de estudio universitario en General y matemática en particular.
650 #4 - PUNTO DE ACCESO ADICIONAL DE MATERIA--TÉRMINO DE MATERIA
Término de materia o nombre geográfico como elemento de entrada ENSEÑANZA
650 #4 - PUNTO DE ACCESO ADICIONAL DE MATERIA--TÉRMINO DE MATERIA
Término de materia o nombre geográfico como elemento de entrada MATEMATICAS
650 #4 - PUNTO DE ACCESO ADICIONAL DE MATERIA--TÉRMINO DE MATERIA
Término de materia o nombre geográfico como elemento de entrada TEORIA DE NUMEROS
650 #4 - PUNTO DE ACCESO ADICIONAL DE MATERIA--TÉRMINO DE MATERIA
Término de materia o nombre geográfico como elemento de entrada TRIGONOMETRIA
653 #0 - TÉRMINO DE INDIZACIÓN--NO CONTROLADO
Término no controlado ALGORITMOS
653 #0 - TÉRMINO DE INDIZACIÓN--NO CONTROLADO
Término no controlado ANALISIS DE FUNCIONES
700 1# - PUNTO DE ACCESO ADICIONAL--NOMBRE DE PERSONA
Nombre de persona Kulesz, Leopoldo
700 1# - PUNTO DE ACCESO ADICIONAL--NOMBRE DE PERSONA
Nombre de persona Rodríguez, Mabel A.
905 ## - ELEMENTOS DE DATOS E LOCAL, LDE (RLIN)
a 4256
942 ## - ELEMENTOS DE PUNTO DE ACCESO ADICIONAL (KOHA)
Tipo de ítem Koha Libro
Fuente del sistema de clasificación o colocación Dewey Decimal Classification
Existencias
Estado de retiro Estado de pérdida Fuente del sistema de clasificación o colocación Estado dañado No para préstamo Código de colección Localización permanente Ubicación/localización actual Fecha de adquisición Total de préstamos Signatura topográfica completa Código de barras Fecha visto por última vez Precio válido a partir de Tipo de ítem Koha Fecha del último préstamo Renovaciones totales
Retirado   Dewey Decimal Classification   No es para préstamo Colección Ediciones UNGS Biblioteca Universidad Nacional de General Sarmiento Biblioteca Universidad Nacional de General Sarmiento 01/02/2021   510 197v3 CUNGS1240 01/02/2021 01/02/2021 Libro    
          Colección Ediciones UNGS Biblioteca Universidad Nacional de General Sarmiento Biblioteca Universidad Nacional de General Sarmiento 01/02/2021   510 197v3 CUNGS1261 01/02/2021 01/02/2021 Libro    
          Colección General Biblioteca Universidad Nacional de General Sarmiento Biblioteca Universidad Nacional de General Sarmiento 01/02/2021   510 197v3 00008941 01/02/2021 01/02/2021 Libro    
          Colección General Biblioteca Universidad Nacional de General Sarmiento Biblioteca Universidad Nacional de General Sarmiento 01/02/2021   510 197v3 00008942 01/02/2021 01/02/2021 Libro    
          Colección General Biblioteca Universidad Nacional de General Sarmiento Biblioteca Universidad Nacional de General Sarmiento 01/02/2021 1 510 197v3 00008943 09/03/2023 01/02/2021 Libro 01/03/2023  
Retirado   Dewey Decimal Classification   No es para préstamo Colección General Biblioteca Universidad Nacional de General Sarmiento Biblioteca Universidad Nacional de General Sarmiento 01/02/2021   510 197v3 00008945 01/02/2021 01/02/2021 Libro    
          Colección General Biblioteca Universidad Nacional de General Sarmiento Biblioteca Universidad Nacional de General Sarmiento 01/02/2021 1 510 197v3 00012614 07/03/2023 01/02/2021 Libro 03/03/2023  
          Colección General Biblioteca Universidad Nacional de General Sarmiento Biblioteca Universidad Nacional de General Sarmiento 01/02/2021 4 510 197v3 00012615 07/03/2023 01/02/2021 Libro 03/03/2023  
          Colección General Biblioteca Universidad Nacional de General Sarmiento Biblioteca Universidad Nacional de General Sarmiento 01/02/2021 1 510 197v3 00012621 07/03/2023 01/02/2021 Libro 03/03/2023  
          Colección General Biblioteca Universidad Nacional de General Sarmiento Biblioteca Universidad Nacional de General Sarmiento 01/02/2021 1 510 197v3 00035356 28/08/2023 01/02/2021 Libro 18/08/2023 1
    Dewey Decimal Classification     Colección General Biblioteca Universidad Nacional de General Sarmiento Biblioteca Universidad Nacional de General Sarmiento 11/03/2023   510 197v3 S00068142 11/03/2023 11/03/2023 Lectura en Sala